Nebojte sa eTwinningu

Bibliographic Details
Main Author: Petrašková, Erika (Author)
Format: Article
Language:Slovak
PhysicalDescription:Obr.
ISSN:0139-5769
Subjects:
Online Access:www.ucitelskenoviny.eu

MARC

LEADER 00000nab a2200000 ar4500
001 vtls010593914
003 SK-MaSNL
005 20260304180053.0
008 140429c2014 xo sr|p||| |000 b|slo
015 |a SNBRB2014/04 
038 |a SPK 
040 |a SPKCL  |b slo  |c AACR2  |e AACR2 
041 0 |a slo 
044 |a xo  |c SK 
072 7 |a 37  |x Výchova a vzdelávanie  |2 konspekt 
072 7 |a 004  |x Počítačová veda. Výpočtová technika. Informačné technológie  |2 konspekt 
080 |a 371  |x (083.9)  |2 2001 
080 |a 37.014.24  |2 2001 
080 |a 004  |2 2001 
100 1 |a Petrašková, Erika  |4 aut  |9 812322 
245 1 0 |a Nebojte sa eTwinningu  |c Erika Petrašková 
300 |b Obr. 
610 2 7 |a eTwinning (projekt)  |2 snkbucl  |9 567769 
650 0 7 |a inovácie vo vzdelávaní  |2 snkbucl  |9 79699 
650 0 7 |a informačné technológie  |2 snkbucl  |9 1527 
650 0 7 |a projektové vyučovanie  |2 snkbucl  |9 4053 
650 0 7 |a medzinárodná spolupráca  |2 snkbucl  |9 4911 
650 0 7 |a pedagógovia  |2 snkbucl  |9 18561 
650 0 7 |a rozvíjanie schopností  |2 snkbucl  |9 342653 
650 0 7 |a názory a postoje  |2 snkbucl  |9 4303 
773 0 |t Učiteľské noviny  |g Roč. LXI, č. 42 (2014), s. 5  |x 0139-5769 
852 |a SPK  |b KIS3GCP 
856 4 1 |u www.ucitelskenoviny.eu 
999 |c 3016384  |d 3018314